Statistiques concernant Culture Générale - Série 609

Cliquez ici pour prendre le quiz!

Statistiques générales

  • Ce quiz a été pris 65 fois
  • Le résultat moyen est 7 sur 10

Statistiques - réponses

Question Réponse % Correct
Quelles parties du corps appelle-t-on familièrement les guibolles ?jambes
97%
Quel mot de 4 lettres désigne la sandale de plage, formée d'une semelle et d'une bride en V ?tong
92%
Quel D.R.O.M. (Département et Région français d'outre-mer), dont le chef-lieu est Basse-Terre, surnomme-t-on le papillon, en raison de sa forme ?Guadeloupe
92%
Si votre banquier vous propose un PEL, il s'agit d'un plan épargne...Logement
83%
Que produisent les glandes sudoripares ?sueur
79%
Quel adjectif qualifie spécifiquement des yeux de couleurs différentes ?vairons
73%
Quelle chanteuse américaine est l'interprète du tube "Poker Face", tiré de son album "The Fame" ?Lady Gaga
65%
Quel genre musical, dont le nom signifie destin, est originaire du Portugal ?fado
62%
Dans quel région française peut-on gravir la roche de Solutré ?Bourgogne
40%
Quel nom, venu du japonais, désigne un moine ou un prêtre bouddhiste ?bonze
29%

Distribution des résultats

Percentile by Number Answered

% des personnes avec chaque résultat

Votre développement - résultats

Vous n’avez pas pris ce quiz